00728nam a22001697a 4500003000900000008004100009040007100050082001800121100002500139245005800164260001800222300002700240505023600267650001800503650002600521650001100547AR-CdUCM190320b ||||| |||| 00| 0 spa d aMUNICIPALIDAD PROVINCIAL DEL CUSCOcBIBLIOTECA MUNICIPAL DEL CUSCO a385.1 / bG88 aGuevara, Víctor J. aLa República del Perú y la Peruvian Corporation / aLima :c1932. a98 páginas ;c17 cm. aContenido: Proyecto de ley contra el abusivo recargo de las tarifas, presentado por el representante Dr. Victor J. Guevara -- Dictamen emitido por la comisión revisora de contratos -- Primer discurso del Dr. Victor J. Guevara ... aFerrocarriles aAspectos económicos aPerú